Φορτώνει......

Aavashyam anuvarthikenda vidyabhyasam

Λεπτομέρειες βιβλιογραφικής εγγραφής
Κύριος συγγραφέας: Nithya Chaitanya Yathi
Έκδοση: Olive Publications 2011
LEADER 00226 a2200097 4500
020
260 |b Olive Publications  |c 2011 
942 |c BK  |6 _ 
245 |a Aavashyam anuvarthikenda vidyabhyasam 
100 |a Nithya Chaitanya Yathi 
999 |c 63507  |d 63507